Szczegóły MARC21

Gramatyka opisowa języka polskiego z ćwiczeniami. T. 1, Fonetyka, części mowy, słowotwórstwo /

003 -Nazwa inst., której nr kontr. jest w polu 001 [,]
    • @
    • Nazwa instytucji, której n kontrolny jest w polu 001
    • NUKAT
005 -DATA I CZAS OSTATNIEJ MODYFIKACJI [,]
    • @
    • pole kontrolne
    • 20260407151908.0
040 -Instytucja sporządzająca opis [ , ]
    • a
    • Instytucja, która sporządziła opis (NP)
    • KR 119/EP
    • c
    • Instytucja, która sporządziła rekord (NP)
    • KR 119/EP
    • d
    • Instytucja, która zmodyfikowała rekord (P)
    • KR 119/EP
    • d
    • Instytucja, która zmodyfikowała rekord (P)
    • KR 119/SWs
942 -Rodzaj dokumentu [ , ]
    • c
    • Rodzaj dokumentu
    • Książka
245 -Strefa tytułu i oznaczenia odpowiedzialności [0,0]
    • a
    • Tytuł
    • Gramatyka opisowa języka polskiego z ćwiczeniami. Find
    • n
    • Oznaczenie części (P)
    • T. 1,
    • p
    • Nazwa części (P)
    • Fonetyka, części mowy, słowotwórstwo /
    • c
    • Pozostałe elementy strefy tytułu i oznaczenia odpowiedzialności (NP)
    • pod red. W. Doroszewskiego i B. Wieczorkiewicza ; oprac. B. Bartnicka-Dąbkowska, M. Jaworski i R. Sinielnikoff.
250 -Strefa wydania [ , ]
    • a
    • Oznaczenie wydania (NP)
    • Wyd. 4.
260 -Strefa adresu wydawniczego [ , ]
    • a
    • Miejsce wydania (P)
    • Warszawa :
    • b
    • Nazwa wydawcy (P)
    • Państwowe Zakłady Wydawnictw Szkolnych,
    • c
    • Data wydania (P)
    • 1968.
300 -Strefa opisu fizycznego [ , ]
    • a
    • Określenie formy książki i/lub objętość (NP)
    • 283 s. :
    • b
    • Oznaczenie ilustracji (NP)
    • il. ;
    • c
    • Format (NP)
    • 22 cm.
336 -Typ zawartości [ , ]
    • a
    • Termin opisujący typ zawartości
    • Tekst
    • b
    • Kod określający zawartość
    • txt
    • 2
    • Źródło (terminu i kodu)
    • rdacontent
337 -Typ mediów [ , ]
    • a
    • Tryb odtwarzania
    • Bez urządzenia pośredniczącego
    • b
    • Kod typu mediów
    • n
    • 2
    • Źródło (terminu i kodu)
    • rdamedia
338 -Typ/rodzaj nośnika [ , ]
    • a
    • Hasło opisujące typ nośnika
    • Wolumin
    • b
    • Kod typu nośnika
    • nc
    • 2
    • Źródło (terminu i kodu)
    • rdacarrier
380 -Deskryptor - Forma dzieła (P) [ , ]
    • a
    • forma dzieła (NP)
    • Książki
080 -Uniwersalna Klasyfikacja Dziesiętna [ , ]
    • a
    • Symbol klasyfikacji
    • 811.162.1'36
    • 2
    • Identyfikator wydania tablic
    • UDC-P058
    • 9
    • UKD
    • 6490
    • b
    • Dopowiedzenie
    • Język polski. - Gramatyka. Gramatyka generatywna.
    • 4
    • UKD2
    • 8380
    • x
    • Poddział wspólny
    • (075)
    • c
    • Dopowiedzenie poddz. wspólnego
    • (Podręczniki szkolne i akademickie).
650 -Hasło przedmiotowe [ ,7]
    • a
    • Hasło przedmiotowe
    • Gramatyka
    • 2
    • Źródło terminu
    • DBN
    • 9
    • KHW
    • 728084
650 -Hasło przedmiotowe [ ,7]
    • a
    • Hasło przedmiotowe
    • Język polski
    • 2
    • Źródło terminu
    • DBN
    • 9
    • KHW
    • 720917
650 -Hasło przedmiotowe [ ,7]
    • a
    • Hasło przedmiotowe
    • Język polski
    • x
    • Określnik rzeczowy
    • gramatyka
    • v
    • Określnik formalny
    • podręczniki.
    • 2
    • Źródło terminu
    • kaba
    • 9
    • KHW
    • 369855
650 -Hasło przedmiotowe [ ,7]
    • a
    • Hasło przedmiotowe
    • Język polski
    • x
    • Określnik rzeczowy
    • gramatyka
    • v
    • Określnik formalny
    • zadania i ćwiczenia.
    • 2
    • Źródło terminu
    • kaba
    • 9
    • KHW
    • 350895
655 -Hasło w funkcji tematu formalnego [ ,7]
    • a
    • Hasło
    • Podręcznik
    • 2
    • Źródło terminu
    • DBN
    • 9
    • KHW
    • 720960
658 -Ujęcie treści [ , ]
    • a
    • dziedzina nauki i sztuki/ sfera aktywności życiowej
    • Językoznawstwo
980 -Symbol UKD [ , ]
    • a
    • UKD
    • 811.162.1'36(075)
700 -Hasło dodatkowe - nazwa osobowa [1, ]
    • a
    • Nazwa osobowa (NP)
    • Doroszewski, Witold Find
    • d
    • Daty biograficzne (NP)
    • (1899-1976).
    • e
    • Określenie rodzaju współpracy
    • Red.
    • 9
    • KHW
    • 16372
700 -Hasło dodatkowe - nazwa osobowa [1, ]
    • a
    • Nazwa osobowa (NP)
    • Wieczorkiewicz, Bronisław Find
    • d
    • Daty biograficzne (NP)
    • (1904-1974).
    • e
    • Określenie rodzaju współpracy
    • Red.
    • 9
    • KHW
    • 31804
700 -Hasło dodatkowe - nazwa osobowa [1, ]
    • a
    • Nazwa osobowa (NP)
    • Bartnicka-Dąbkowska, Barbara Find
    • d
    • Daty biograficzne (NP)
    • (1927-2011).
    • e
    • Określenie rodzaju współpracy
    • Oprac.
    • 9
    • KHW
    • 40435
700 -Hasło dodatkowe - nazwa osobowa [1, ]
    • a
    • Nazwa osobowa (NP)
    • Jaworski, Michał Find
    • d
    • Daty biograficzne (NP)
    • (1921-1996).
    • e
    • Określenie rodzaju współpracy
    • Oprac.
    • 9
    • KHW
    • 47875
700 -Hasło dodatkowe - nazwa osobowa [1, ]
    • a
    • Nazwa osobowa (NP)
    • Sinielnikoff, Roxana Find
    • d
    • Daty biograficzne (NP)
    • (1927-2024).
    • e
    • Określenie rodzaju współpracy
    • Oprac.
    • 9
    • KHW
    • 47876
710 -Hasło dodatkowe - nazwa ciała zbiorowego [2, ]
    • a
    • Nazwa ciała zbiorowego lub nazwa geograficzna jako pierwszy element (NP)
    • Państwowe Zakłady Wydawnictw Szkolnych.
    • 4
    • Kod relacji
    • pbl
    • 9
    • KHW
    • 55158
Status udost. Sygnatura Numer inwentarzowy Data inwentaryzacji Lokalizacja
-5W.184504W.1845041995-09-19BG
-5W.3297W.32991995-09-19BG
-5W.3297W.32971995-09-19BG
-5W.3297W.32981995-09-19BG
-5 W.1684221995-09-19BG
2 W.1770531995-09-19BG
1Z.1231Z.12311995-09-19BG
1POL. Gramatyka 07P.214842009-01-05BM
-3 P.95521995-09-19BM
1 P.6931995-09-19BM